Top 30 Pusha T Songs - Statistics

General Stats
  • This quiz has been taken 11 times
  • The average score is 9 of 30
Answer Stats
# Song Rating % Correct
1. Nosetalgia 97
80%
4. If You Know You Know 93
70%
7. The Games We Play 92
70%
11. Santeria 90
60%
16. What Would Meek Do? 87
60%
15. Brambleton 87
50%
9. Come Back Baby 90
50%
10. Diet Coke 90
50%
8. Dreaming Of The Past 90
50%
18. Infrared 86
50%
14. Neck & Wrist 87
50%
3. Numbers on the Boards 93
50%
17. Hard Piano 86
40%
13. Let The Smokers Shine The Coupes 87
20%
5. Don't Like 93
10%
28. Hear Me Clearly 82
10%
30. Hold On 82
10%
12. I Pray For You 88
10%
26. Just So You Remember 82
10%
24. King Push 84
10%
6. Mercy 92
10%
23. M.F.T.R. 84
10%
22. Misfit Toys 85
10%
29. Rock N Roll 82
10%
19. Trouble on My Mind 86
10%
21. Untouchable 85
10%
27. Intro 82
0%
25. LiFE 4 A LiFE 83
0%
20. M.P.A. 86
0%
2. New God Flow 93
0%
No matching quizzes found
Score Distribution
Percent of People with Each Score
Percentile by Number Answered
Your Score History
You have not taken this quiz